El profesor jefe y la orientación
Guardat en:
| Autor principal: | |
|---|---|
| Autor corporatiu: | |
| Format: | Llibre |
| Idioma: | espanyol |
| Publicat: |
Santiago
Salesiana
1967
|
| Matèries: | |
| Etiquetes: |
Afegir etiqueta
Sense etiquetes, Sigues el primer a etiquetar aquest registre!
|
MARC
| LEADER | 00000nam a2200000 a 4500 | ||
|---|---|---|---|
| 001 | UCZ9780 | ||
| 003 | CL-VaPUC | ||
| 008 | 960311e19670000CL |||||||||||||||||spa|d | ||
| 082 | 0 | 4 | |a 371.42 |b SCH |2 21 |
| 100 | 0 | |a Schenk Neff, Guillermo |e author |9 354644 | |
| 110 | 2 | |a Centro de Orientación Educacional y Vocacional |e author |9 354645 | |
| 245 | 1 | 3 | |a El profesor jefe y la orientación |
| 300 | |a 187 p | ||
| 942 | |c BK | ||
| 945 | |d 19960311 00:00:00 |a cmena | ||
| 260 | |a Santiago |b Salesiana |c 1967 | ||
| 650 | 7 | |a ORIENTACION EDUCACIONAL |2 CL-VaPUC |9 312512 | |
| 650 | 0 | |a Docentes |9 311365 | |
| 650 | 0 | |a Vocación |9 328817 | |
| 650 | 0 | |a Orientación vocacional |9 255692 | |
| 650 | 0 | |a Rol del docente |9 329733 | |
| 583 | |a last modification |c 19960311 00:00:00 |k Rodrigo Vera | ||
| 999 | |c 244846 |d 244844 | ||
| 952 | |0 0 |1 0 |4 0 |6 371_420000000000000_SCH_1967 |7 0 |8 P |9 259097 |a BIBEDU |b BIBEDU |c BIBEDU_PB |d 2019-11-19 |i 1629700 |o 371.42 SCH 1967 |p 1629700 |r 2024-01-25 |w 2019-11-19 |y BK |k EDU | ||